000 00476nam a2200157 i 4500
001 82692
003 ES-MaACL
005 20230906174721.0
007 t|
008 041111s1967 sp ||||1| spa d
100 1 _aIniesta García, Serapio.
_965319
245 1 0 _aMotivaciones, creatividad, marketing
_b: para publicitarios /
_cSerapio Iniesta García.
260 _aMadrid :
_bEditora Nacional,
_c1967.
300 _a213 p. ;
_c25 cm.
852 _aES-MaACL
_jC-32984
_bR.63240
999 _c82692
_d82692